Biblioteca

El derecho a la ternura (Registro nro. 66134)

Detalles MARC
000 -LÍDER
Campo fijo de descripción fija 03032nam a2200337 i 4500
001 - NÚMERO DE CONTROL
Campo de control 768714001
003 - IDENTIFICADOR DEL NÚMERO DE CONTROL
Campo de control CO-MdFUSB
005 - FECHA Y HORA DE LA ULTIMA TRANSACCIÓN
control field 20210419091623.0
007 - CAMPO FIJO DE DESCRIPCIÓN FIJA--INFORMACIÓN GENERAL
Campo fijo de descripción fija ta
008 - ELEMENTOS DE LONGITUD FIJA -- INFORMACIÓN GENERAL
Campo fijo de descripción fija -- Información general 200616t1944 ck |||| |||| 00| 0 spa d
020 ## - NÚMERO INTERNACIONAL NORMALIZADO PARA LIBROS
Número Internacional Normalizado del libro 9582708018
040 ## - FUENTE DE CATALOGACIÓN
Agencia de catalogación original CO-MdFUSB
Idioma de catalogación spa
Agencia que realiza la transcripción CO-MdFUSB
Agencia que realiza la modificación CO-MdFUSBC
Convenciones de la descripción rda
041 ## - CÓDIGO DE IDIOMA
Código de idioma para texto/pista de sonido o título separado spa
082 ## - NÚMERO DE CLASIFICACIÓN DECIMAL DEWEY
Número de la edición del Dewey 23
Número de clasificación 152.4
Clave de autor-Numero de item R436
100 ## - ASIENTO PRINCIPAL--NOMBRE PERSONAL
Nombre personal Restrepo, Luis Carlos.
Término relacionador autor
245 #3 - TÍTULO
Título del Material El derecho a la ternura
Mención de responsabilidad, etc. / Luis Carlos Restrepo
250 ## - MENCIÓN DE EDICIÓN
Mención de edición Tercera edición
264 #1 - PRODUCCIÓN, PUBLICACIÓN, DISTRIBUCIÓN, MANUFACTURA, Y COPYRIGHT
Lugar de producción, publicación, distribución, manufactura Bogotá, Colombia :
Nombre del productor, publicador, distribuidor Arango,
Fecha de producción, publicación, distribución, manufactura, o copyright [1944]
264 #4 - PRODUCCIÓN, PUBLICACIÓN, DISTRIBUCIÓN, MANUFACTURA, Y COPYRIGHT
Fecha de producción, publicación, distribución, manufactura, o copyright ©1944
300 ## - DESCRIPCIÓN FÍSICA
Dimensiones 191 páginas ;
Extensión 20 cm
336 ## - TIPO DE CONTENIDO
Fuente rdacontent
Término de tipo de contenido texto
Código de tipo de contenido txt
337 ## - TIPO DE MEDIO
Fuente rdamedia
Nombre del tipo de medio sin mediación
Código del tipo de medio n
338 ## - TIPO DE SOPORTE
Fuente rdacarrier
Nombre del tipo de soporte volumen
Código Tipo de soporte nc
338 ## - TIPO DE SOPORTE
Nombre del tipo de soporte volumen
Código Tipo de soporte nc
Fuente rdacarrier
505 ## - NOTA DE CONTENIDO
Nota de contenido con formato preestablecido Lo público y lo privado -- Falacias epistemológicas -- Analfabetismo afectivo -- Herederos de Alejandro -- Las locuras permitidas -- La cognición afectiva -- Sentir la verdad -- El cerebro social -- Agarrar y acariciar -- Retorno a la sabiduría -- Entre el amor y el odio -- Violencia sin sangre --Pareja: ¿Tarea imposible? -- Estética de la intimidad -- Actuando desde la fragilidad -- Ecoternura -- Claves teológicas -- Camino a la gratuidad -- DE cara a lo demoníaco -- Lo que puede el cuerpo
520 ## - NOTA DE RESUMEN, ETC.
Nota de sumario, etc. La ternura sólo es reconocida como parte del amor maternal o en la relación del niño con un osito de peluche. Con esta reveladora, si bien reconocida afirmación, se inicia el texto El derecho a la ternura, tercer libro del joven psiquiatra Luis Carlos Restrepo. Se trata de una reflexión que aborda la consideración de los sentimientos que suscitan las relaciones entre los seres humanos; del amor, o más bien de la expresión del amor. <br/>Comienza con un examen de la prohibición tácita de que el ser masculino pueda abrirse al lenguaje de la sensibilidad, en particular en el ámbito de la sexualidad, pero igualmente abarca los simbolos culturales, los cuales establecen reglas acerca de las conductas, las aspiraciones y las convicciones que ordenan entablar un auténtico combate en lugar de una convivencia afectiva. Nos habla acerca de un analfabetismo sentimental, de los tabúes que rodean el agarrarnos y acariciarnos, del odio frente al amor (sólo hay un paso entre los dos, se nos dice...), de la "violencia sin sangre", de lo que puede ser una estética de la intimidad, del idioma que el cuerpo puede establecer entre nosotros. Se ajusta a la definición de Roland Barthes: "Ternura: Goce, pero también evaluación inquietante de los gestos tiernos del objeto amado, en la medida en que el sujeto comprende que carece de su privilegio".<br/>Uno de los inquietantes temas que discute este libro es el del discurso académico, del cual ha sigo excluida desde hace tanto tiempo la ternura, en aras del rigor científico, de la supuesta verdad acerca de los sentimientos, de los requisitos teóricos del aprendizaje.
563 ## - NOTA DE ENCUADERNACIÓN
Nota de encuadernación Rústico
650 #7 - ASIENTO SECUNDARIO DE MATERIA - TERMINO TEMÁTICO
9 (RLIN) 72
Término temático o nombre geográfico como elemento de entrada Psicología social
942 ## - TIPO DE MATERIAL (KOHA)
Tipo de Item KOHA Libros General
945 ## - INFORMACIÓN LOCAL DEL REGISTRO
Catalogador Dani
Existencias
Estado de Material Estado de Perdido Forma de Clasificación Estado de Dañado No para Préstamo Colección Biblioteca de Origen Biblioteca Permanente Fecha de Adquisición Área Total de Préstamos Signatura Topográfica Código de Barras Última vez visto Ejemplar/Existencia Fecha de Remplazo Tipo de Material
    Dewey Decimal Classification     Colección General Biblioteca FUSBC Biblioteca FUSBC 16/06/2020 PSICOLOGÍA   G 152.4 R436d 10384 16/06/2020 Ej.1 16/06/2020 Libros General

Biblioteca FUSBC | Teléfono: (57+4) 349 88 10 Ext. 141| WhatsApp (+57) 3005338115 
E-mail: biblioteca@unisbc.edu.co | Calle 76 87-14 Robledo Palenque, Medellín, Colombia

Con tecnología Koha